Albacete y la 1a. guerra carlista (1833-39)
Shranjeno v:
| Glavni avtor: | |
|---|---|
| Format: | Knjiga |
| Jezik: | španščina |
| Izdano: |
Murcia, España
Universidad de Murcia
1983
|
| Teme: | |
| Oznake: |
Označite
Brez oznak, prvi označite!
|
MARC
| LEADER | 00000nam a2200000 a 4500 | ||
|---|---|---|---|
| 001 | UCO1246 | ||
| 003 | CL-VaPUC | ||
| 005 | 20200422164823.0 | ||
| 008 | 000512e19830000SP |||||||||||||||||spa|d | ||
| 999 | |c 287875 |d 287873 | ||
| 040 | |c Pontificia Universidad Católica de Valparaíso | ||
| 082 | 0 | 4 | |a 946.072 GUE 1983 |2 21 |
| 100 | 0 | |a Guerra Martínez, Ana María |e author |9 443184 | |
| 245 | 1 | 0 | |a Albacete y la 1a. guerra carlista (1833-39) |
| 260 | |a Murcia, España |b Universidad de Murcia |c 1983 | ||
| 300 | |a 22 páginas | ||
| 583 | |a last modification |c 20120830 10:27:28 |k Rodrigo Vera | ||
| 650 | 7 | |a HISTORIA DE ESPAÑA |2 CL-VaPUC |9 443185 |y 1833-1839 |z ALBACETE | |
| 650 | 7 | |a GUERRA CARLISTA |2 CL-VaPUC |9 443186 |y 1833-1839 |z ESPAÑA |z ALBACETE | |
| 852 | |a BIBCUR | ||
| 942 | |c BK |2 ddc | ||
| 945 | |d 20000512 00:00:00 |a rherrera | ||
| 952 | |0 0 |1 0 |2 ddc |4 0 |6 946_072000000000000_GUE_1983 |7 0 |8 A |9 334955 |a BIBHIS |b BIBHIS |d 2019-11-20 |i 1269976 |o 946.072 GUE 1983 |p 1269976 |r 2025-01-20 |t 1 |w 2019-11-20 |y BK |k HIS | ||